Statistiche per Medagliere Pallanuoto ai Giochi Olimpici

Clicka qui per fare il quiz!

Statistiche generali

  • Questo quiz è stato fatto 26 volte
  • Il punteggio medio è 15 su 17

Statistiche sulle risposte

Medaglie complessiveMedaglie d'OroMedaglie d'ArgentoMedaglie di BronzoRappresentativa olimpica% Corretto
10433Italia
100%
15465Stati Uniti
100%
4013Russia
96%
4202Serbia
96%
4130Spagna
96%
17935Ungheria
96%
3120Croazia
91%
4121Germania
91%
4103Francia
87%
2020Grecia
83%
8341Jugoslavia
83%
3102Paesi Bassi
83%
3102Australia
78%
7223Unione Sovietica
78%
3012Svezia
74%
4400Gran Bretagna
65%
6042Belgio
57%

Distribuzione punteggi

Percentile per numero di risposta

Percentuale di utenti per punteggio

I tuoi punteggi nel tempo

Non hai fatto questo quiz